=LDR 00000nam 2200000 4500 =001 INLIS000000000041166 =005 20130612150719 =008 ***********************************Ind** =035 ##$$0010-061300000041166 =041 ##$$a Ind =082 ##$$a 813 =090 ##$$a 813, Dea t =100 ##$$a Deaver, Jeffery =245 ##$$a The gold moom, Jeffery Deaver ; alih bahasa, B. Sandra Tanuwidjaj =260 ##$$a 2010 $b Jakarta =300 ##$$a 594 hlm, 20 cm =650 ##$$a Fiksi =850 ##$$a NBPNMAT